• 首页
  • 本馆介绍
  • 公告通知
  • 最新文献
  • 馆藏检索
  • 电子资源
  • 读者导购
  • 参考咨询
  • 我的图书馆
  • 登录
  • 详细信息显示
  • 放入我的书架
  • 预约/预借图书
  • 作者相关作品
  • 分类相关作品
  • 丛书相关作品
  • 出版社相关作品

书目信息

  • 表格格式
  • 工作单格式
  • 卡片格式
题名:
保卫延安
    
 
作者: 杜鹏程 著
分册:  
出版信息: 北京   人民文学出版社  1956
页数: 525页
开本: 20cm
丛书名:
单 册:
中图分类: I247.52 , I247.4
科图分类:
主题词: 长篇小说--中国--现代
电子资源:
ISBN:
000 00608nam0 2200241 45
001 0179003555
005 20040420082700.0
010    @dCNY1.05
091    @a10019.280
100    @a19900126e19791956em y0chiy0121 ea
101 0  @achi
102    @aCN@b110000
105    @ay z 000ay
106    @ar
200 10 @a保卫延安@Abao wei yan an@f杜鹏程著
210    @a北京@c人民文学出版社@d1956@h1979重印
215    @a525页@d20cm
606    @a长篇小说@y中国@z现代
690    @aI247.52@v3
690    @aI247.4
701  0 @a杜鹏程@Adu peng cheng@4著
801  0 @aCN@bNLC@c20040420
905    @f1@b33674@dI247.4@e14
    
    保卫延安/杜鹏程著.-北京:人民文学出版社,1956(1979重印)
    525页;20cm
    
    
    ISBN :CNY1.05
    
●
相关链接 在E读中查询图书 在五车中查询图书 在当当中查询图书 在豆瓣中查询图书


正题名:保卫延安     索取号:I247.4/14         预约/预借

序号 登录号 条形码 馆藏地/架位号 状态 备注
1 0010326   001739364   密集书库/ [索取号:I247.4/14] 在馆    
2 0033668   001628395   密集书库/ [索取号:I247.4/14] 在馆    
3 0033669   001628368   密集书库/ [索取号:I247.4/14] 在馆    
4 0033670   001781824   密集书库/ [索取号:I247.4/14] 在馆    
5 0033672   001628279   密集书库/ [索取号:I247.4/14] 在馆    
6 0033673   001628288   密集书库/ [索取号:I247.4/14] 在馆    
7 0033675   001628359   密集书库/ [索取号:I247.4/14] 在馆    
8 0033676   001628322   密集书库/ [索取号:I247.4/14] 在馆    
9 0033677   001628313   密集书库/ [索取号:I247.4/14] 在馆    
10 0124558   001628402   密集书库/ [索取号:I247.4/14] 在馆    
11 0230992   001801296   密集书库/ [索取号:I247.4/14] 在馆    
12 0230993   001801287   密集书库/ [索取号:I247.4/14] 在馆    
唐山师范学院图书馆 欢迎您!
大连网信软件有限公司© 版权所有